000 00686nam a22002177a 4500
003 UA-OsUOA
001 122123
007 ta
008 20170410b un ||||| |||| 00| 0 ukr d
100 _aНазар'єв С.
090 _a02
_bН19
942 _cSA
040 _aUA-OsUOA
_bukr
_cUA-OsUOA
_dUA-OsUOA
245 _aВикористання інструментів веб-комунікацій бібліотеками університетів
300 _aС.14-17
955 _a0
041 _aukr
080 _a02
773 0 _w122121
_tБібліотечний форум України
_dДонецьк
_d2017
_g2
650 7 _a02 Бібліотечна справа
_2UDC
999 _c408189
_d408189